Assertiveness : practical approach /
This book is about: Introduction to assertiveness; Behaviour types; Being assertive; Our right to be assertive; ...
שמור ב:
| מחבר ראשי: | |
|---|---|
| מחברים אחרים: | |
| פורמט: | ספר |
| שפה: | English |
| יצא לאור: |
Bicester :
Winslow,
1990.
|
| נושאים: | |
| תגים: |
הוספת תג
אין תגיות, היה/י הראשונ/ה לתייג את הרשומה!
|
| Thư viện lưu trữ: | Mạng thư viện Đại học Đà Nẵng |
|---|
| LEADER | 01204cam a2200409 i 4500 | ||
|---|---|---|---|
| 001 | 000048046 | ||
| 003 | 7744 | ||
| 005 | 20030324093624.0 | ||
| 008 | 010323|1990 vm 000 eng | ||
| 020 | |a 0863880819 | ||
| 040 | |a IRC |c IRC |d IRC | ||
| 041 | 0 | |a eng | |
| 082 | 1 | 4 | |a 158.2 |b HO-S |
| 100 | 1 | |a Holland, Stephanie. | |
| 245 | 0 | 0 | |a Assertiveness : |b practical approach / |c Stephanie Holland and Clare Ward. |
| 260 | |a Bicester : |b Winslow, |c 1990. | ||
| 300 | |a 61 p. ; |c 25cm. | ||
| 520 | 3 | |a This book is about: Introduction to assertiveness; Behaviour types; Being assertive; Our right to be assertive; ... | |
| 630 | 0 | 4 | |a Communication. |
| 630 | 0 | 4 | |a Assertiveness. |
| 650 | 0 | 4 | |a Interpersonal relations. |
| 650 | 0 | 4 | |a Communication. |
| 650 | 0 | 4 | |a Interpersonal communications. |
| 650 | 0 | 4 | |a Assertiveness training. |
| 650 | 0 | 4 | |a Assertiveness (Psychology) |x Problems, exercises, etc. |
| 650 | 0 | 4 | |a Assertiveness. |
| 700 | 1 | |a Ward, Clare. | |
| OWN | |a DUT | ||
| 999 | |a From the UDN01 | ||
| TYP | |a Monograph | ||
| TYP | |a Printed language | ||
| 980 | |a Mạng thư viện Đại học Đà Nẵng | ||


